[Event "Deutsche Ländermeisterschaft 2014"]
[Site "Hannover GER"]
[Date "2014.10.04"]
[Round "3"]
[White "Schröder, Jan-Christian"]
[Black "Wenninger, Philipp"]
[Result "1-0"]
[Termination "normal"]
[Board "2.1"]
[WhiteTitle "FM"]
[WhiteElo "2388"]
[BlackElo "2259"]
[WhiteClock "00:04:24"]
[BlackClock "00:00:55"]
[WhiteTeam "Hessen 1"]
[BlackTeam "Bayern"]
[PlyCount "91"]
[WhiteFideId "24662259"]
[BlackFideId "4648404"]
[EventCountry "GER"]
[EventRounds "7"]
[EventType "team-swiss"]
[EventDate "2014.10.02"]

1. e4 {[%clk 1:29:47]} c6 {[%clk 1:30:53]} 2. d4 {[%clk 1:30:05]} d5 {[%clk
1:31:21]} 3. e5 {[%clk 1:30:32]} Bf5 {[%clk 1:31:46]} 4. Nd2 {[%clk 1:30:58]}
e6 {[%clk 1:30:13]} 5. Nb3 {[%clk 1:29:38]} Nd7 {[%clk 1:30:04]} 6. Nf3 {[%clk
1:30:00]} Ne7 {[%clk 1:29:42]} 7. Be2 {[%clk 1:30:10]} Nc8 {[%clk 1:29:43]} 8.
O-O {[%clk 1:29:36]} Be7 {[%clk 1:29:42]} 9. a4 {[%clk 1:28:34]} O-O {[%clk
1:29:30]} 10. a5 {[%clk 1:26:26]} a6 {[%clk 1:29:58]} 11. c4 {[%clk 1:12:26]}
dxc4 {[%clk 1:25:41]} 12. Bxc4 {[%clk 1:12:48]} Na7 {[%clk 1:23:54]} 13. Qe2
{[%clk 1:10:55]} Nb5 {[%clk 1:22:15]} 14. Bd2 {[%clk 0:57:50]} Nc7 {[%clk
1:21:02]} 15. Rac1 {[%clk 0:56:51]} Nd5 {[%clk 1:17:08]} 16. Rfd1 {[%clk
0:56:29]} Kh8 {[%clk 1:07:03]} 17. h3 {[%clk 0:52:53]} Rg8 {[%clk 0:48:24]} 18.
g4 {[%clk 0:48:43]} Bg6 {[%clk 0:48:41]} 19. Kg2 {[%clk 0:47:40]} Rf8 {[%clk
0:44:25]} 20. h4 {[%clk 0:38:58]} Bb4 {[%clk 0:27:33]} 21. Bxd5 {[%clk
0:37:15]} Bxd2 {[%clk 0:27:02]} 22. Nbxd2 {[%clk 0:37:39]} cxd5 {[%clk
0:27:00]} 23. h5 {[%clk 0:37:19]} Be4 {[%clk 0:26:51]} 24. Nxe4 {[%clk
0:36:58]} dxe4 {[%clk 0:27:19]} 25. Qxe4 {[%clk 0:37:24]} Qxa5 {[%clk 0:17:32]}
26. Ng5 {[%clk 0:34:04]} Nf6 {[%clk 0:17:09]} 27. Qf3 {[%clk 0:30:39]} h6
{[%clk 0:10:35]} 28. Rc5 {[%clk 0:28:18]} Qd8 {[%clk 0:10:17]} 29. exf6 {[%clk
0:26:14]} hxg5 {[%clk 0:10:45]} 30. fxg7+ {[%clk 0:25:50]} Kxg7 {[%clk
0:11:12]} 31. Qe3 {[%clk 0:18:11]} Kh6 {[%clk 0:10:12]} 32. d5 {[%clk 0:13:33]}
Rc8 {[%clk 0:08:05]} 33. d6 {[%clk 0:10:42]} Qf6 {[%clk 0:04:27]} 34. d7 {[%clk
0:08:14]} Rxc5 {[%clk 0:02:37]} 35. Qxc5 {[%clk 0:08:40]} Rd8 {[%clk 0:01:48]}
36. Qb6 {[%clk 0:06:58]} Kg7 {[%clk 0:00:53]} 37. Qxb7 {[%clk 0:04:01]} Qf4
{[%clk 0:01:21]} 38. Qf3 {[%clk 0:03:49]} Qxf3+ {[%clk 0:00:37]} 39. Kxf3
{[%clk 0:04:12]} a5 {[%clk 0:00:35]} 40. Ke4 {[%clk 0:04:08]} Kf6 {[%clk
0:00:54]} 41. f4 {[%clk 0:04:00]} a4 {[%clk 0:00:39]} 42. Rd2 {[%clk 0:03:38]}
gxf4 {[%clk 0:00:31]} 43. Kxf4 {[%clk 0:03:34]} Ke7 {[%clk 0:00:45]} 44. g5
{[%clk 0:03:53]} Kf8 {[%clk 0:00:45]} 45. h6 {[%clk 0:04:07]} Ke7 {[%clk
0:00:55]} 46. Ke5 {[%clk 0:04:24]} 1-0

[Event "Deutsche Ländermeisterschaft 2014"]
[Site "Hannover GER"]
[Date "2014.10.04"]
[Round "3"]
[White "Ott, Florian"]
[Black "Hahn, Markus"]
[Result "0-1"]
[Termination "normal"]
[Board "2.2"]
[WhiteElo "2179"]
[BlackElo "2225"]
[WhiteClock "00:27:13"]
[BlackClock "00:31:00"]
[WhiteTeam "Bayern"]
[BlackTeam "Hessen 1"]
[PlyCount "85"]
[WhiteFideId "12900281"]
[BlackFideId "24654647"]
[EventCountry "GER"]
[EventRounds "7"]
[EventType "team-swiss"]
[EventDate "2014.10.02"]

1. d4 {[%clk 1:30:30]} e6 {[%clk 1:30:30]} 2. c4 {[%clk 1:30:30]} f5 {[%clk
1:30:30]} 3. g3 {[%clk 1:30:30]} Nf6 {[%clk 1:30:30]} 4. Bg2 {[%clk 1:30:54]}
c6 {[%clk 1:31:28]} 5. Nf3 {[%clk 1:31:32]} d5 {[%clk 1:31:19]} 6. O-O {[%clk
1:31:33]} Bd6 {[%clk 1:31:32]} 7. Nc3 {[%clk 1:30:42]} O-O {[%clk 1:30:50]} 8.
Qc2 {[%clk 1:30:13]} Qe7 {[%clk 1:30:45]} 9. Bg5 {[%clk 1:27:10]} h6 {[%clk
1:30:36]} 10. Bf4 {[%clk 1:27:12]} Bxf4 {[%clk 1:30:58]} 11. gxf4 {[%clk
1:27:41]} dxc4 {[%clk 1:30:57]} 12. Ne5 {[%clk 1:25:49]} Rd8 {[%clk 1:28:38]}
13. e3 {[%clk 1:24:13]} Nbd7 {[%clk 1:21:46]} 14. Nxc4 {[%clk 1:23:27]} Nb6
{[%clk 1:19:24]} 15. Ne5 {[%clk 1:19:48]} Bd7 {[%clk 1:16:06]} 16. Qb3 {[%clk
1:13:19]} Be8 {[%clk 1:07:34]} 17. a4 {[%clk 1:12:09]} Nbd5 {[%clk 1:03:30]}
18. a5 {[%clk 1:10:42]} Rab8 {[%clk 0:55:35]} 19. Qa3 {[%clk 0:53:02]} Qxa3
{[%clk 0:43:59]} 20. Rxa3 g5 {[%clk 0:33:39]} 21. Nd3 {[%clk 0:44:40]} Kf8
{[%clk 0:15:09]} 22. Nxd5 {[%clk 0:31:55]} Nxd5 {[%clk 0:15:08]} 23. Bxd5
{[%clk 0:20:57]} Rxd5 {[%clk 0:15:22]} 24. Nc5 {[%clk 0:19:11]} Ke7 {[%clk
0:13:43]} 25. fxg5 {[%clk 0:18:24]} hxg5 {[%clk 0:10:15]} 26. Rb3 {[%clk
0:16:34]} e5 {[%clk 0:05:05]} 27. Nxb7 {[%clk 0:15:35]} Bf7 {[%clk 0:04:31]}
28. a6 {[%clk 0:12:30]} exd4 {[%clk 0:04:07]} 29. exd4 {[%clk 0:11:46]} Rxd4
{[%clk 0:04:16]} 30. Na5 {[%clk 0:05:22]} Rxb3 {[%clk 0:02:42]} 31. Nxc6+
{[%clk 0:05:39]} Kf6 {[%clk 0:03:02]} 32. Nxd4 {[%clk 0:06:05]} Rxb2 {[%clk
0:03:05]} 33. Nc6 {[%clk 0:02:38]} Rb6 {[%clk 0:03:11]} 34. Nxa7 {[%clk
0:02:55]} Rxa6 {[%clk 0:03:33]} 35. Nb5 {[%clk 0:02:22]} Bc4 {[%clk 0:03:23]}
36. Rb1 {[%clk 0:02:43]} Bd3 {[%clk 0:03:02]} 37. Nc7 {[%clk 0:01:50]} Ra4
{[%clk 0:02:14]} 38. Rb4 {[%clk 0:00:47]} Ra1+ {[%clk 0:02:30]} 39. Kg2 {[%clk
0:01:13]} Bf1+ {[%clk 0:02:55]} 40. Kg3 {[%clk 0:01:09]} f4+ {[%clk 0:02:26]}
41. Kf3 {[%clk 0:27:13]} Kf5 {[%clk 0:31:00]} 42. Ke4+ Ke5+ 43. Kd4+ 0-1

[Event "Deutsche Ländermeisterschaft 2014"]
[Site "Hannover GER"]
[Date "2014.10.04"]
[Round "3"]
[White "Galkin, Wladislaw"]
[Black "Klek, Hanna Marie"]
[Result "1/2-1/2"]
[Termination "normal"]
[Board "2.3"]
[WhiteElo "2099"]
[BlackElo "2225"]
[WhiteClock "00:15:56"]
[BlackClock "00:38:38"]
[WhiteTeam "Hessen 1"]
[BlackTeam "Bayern"]
[PlyCount "101"]
[WhiteFideId "4603192"]
[BlackFideId "24670057"]
[EventCountry "GER"]
[EventRounds "7"]
[EventType "team-swiss"]
[EventDate "2014.10.02"]

1. c4 {[%clk 1:30:30]} e5 {[%clk 1:30:30]} 2. g3 {[%clk 1:30:30]} Nc6 {[%clk
1:30:30]} 3. Nc3 {[%clk 1:30:30]} f5 {[%clk 1:30:30]} 4. Nf3 {[%clk 1:27:41]}
Nf6 {[%clk 1:29:50]} 5. d4 {[%clk 1:26:41]} e4 {[%clk 1:29:54]} 6. Ng5 {[%clk
1:24:12]} Be7 {[%clk 1:25:11]} 7. Bg2 {[%clk 1:21:41]} O-O {[%clk 1:20:18]} 8.
f3 {[%clk 1:17:27]} exf3 {[%clk 1:20:17]} 9. Nxf3 {[%clk 1:16:48]} d6 {[%clk
1:17:25]} 10. O-O {[%clk 1:16:18]} Qe8 {[%clk 1:15:17]} 11. a3 {[%clk 1:08:25]}
Kh8 {[%clk 1:13:42]} 12. b4 {[%clk 1:07:05]} Ne4 {[%clk 1:06:52]} 13. Bb2
{[%clk 0:54:14]} Nxc3 {[%clk 1:02:45]} 14. Bxc3 {[%clk 0:54:41]} Bf6 {[%clk
1:00:10]} 15. Qd2 {[%clk 0:51:59]} Bd7 {[%clk 0:58:37]} 16. Rae1 {[%clk
0:45:22]} Qg6 {[%clk 0:54:30]} 17. d5 {[%clk 0:43:48]} Ne7 {[%clk 0:53:14]} 18.
Bxf6 {[%clk 0:40:07]} Rxf6 {[%clk 0:53:29]} 19. Nd4 {[%clk 0:38:39]} Ng8 {[%clk
0:47:38]} 20. Rf4 {[%clk 0:36:26]} Qh6 {[%clk 0:44:38]} 21. Qd3 {[%clk
0:32:39]} g6 {[%clk 0:37:48]} 22. Ref1 {[%clk 0:31:09]} Raf8 {[%clk 0:35:55]}
23. c5 {[%clk 0:24:37]} Qg7 {[%clk 0:34:29]} 24. c6 {[%clk 0:23:42]} bxc6
{[%clk 0:34:52]} 25. dxc6 {[%clk 0:23:54]} Bc8 {[%clk 0:35:12]} 26. e4 {[%clk
0:21:11]} Ne7 {[%clk 0:28:56]} 27. exf5 {[%clk 0:21:08]} Nxf5 {[%clk 0:27:23]}
28. Nxf5 {[%clk 0:20:39]} Rxf5 {[%clk 0:27:26]} 29. Rxf5 {[%clk 0:19:38]} Bxf5
{[%clk 0:27:47]} 30. Be4 {[%clk 0:18:34]} Bxe4 {[%clk 0:25:15]} 31. Rxf8+
{[%clk 0:18:53]} Qxf8 {[%clk 0:25:38]} 32. Qxe4 {[%clk 0:19:09]} Qf6 {[%clk
0:22:21]} 33. Qe3 {[%clk 0:15:01]} Qe5 {[%clk 0:11:49]} 34. Kf2 {[%clk
0:08:55]} Kg7 {[%clk 0:10:05]} 35. Qxa7 {[%clk 0:08:58]} Qf5+ {[%clk 0:08:10]}
36. Ke3 {[%clk 0:08:21]} Qe5+ {[%clk 0:08:19]} 37. Kd3 {[%clk 0:08:08]} Qf5+
{[%clk 0:08:46]} 38. Ke3 {[%clk 0:07:53]} Qe5+ {[%clk 0:09:09]} 39. Kd3 {[%clk
0:07:58]} Qf5+ {[%clk 0:09:05]} 40. Kc3 {[%clk 0:01:18]} Qf3+ {[%clk 0:09:26]}
41. Kd2 {[%clk 0:27:47]} Qd5+ {[%clk 0:36:59]} 42. Ke2 {[%clk 0:23:33]} Qh5+
{[%clk 0:35:47]} 43. Kf1 {[%clk 0:22:03]} Qd1+ {[%clk 0:36:10]} 44. Kg2 {[%clk
0:21:11]} Qd5+ {[%clk 0:36:36]} 45. Kf2 {[%clk 0:20:58]} Qf5+ {[%clk 0:36:59]}
46. Ke1 {[%clk 0:20:13]} Qe4+ {[%clk 0:37:07]} 47. Kd2 {[%clk 0:20:09]} Qd5+
{[%clk 0:37:30]} 48. Kc3 {[%clk 0:18:06]} Qf3+ {[%clk 0:37:50]} 49. Kc4 {[%clk
0:15:58]} Qe2+ {[%clk 0:38:13]} 50. Kb3 {[%clk 0:15:52]} Qd1+ {[%clk 0:38:38]}
51. Kc3 {[%clk 0:15:56]} 1/2-1/2

[Event "Deutsche Ländermeisterschaft 2014"]
[Site "Hannover GER"]
[Date "2014.10.04"]
[Round "3"]
[White "Bilchinski, Anton"]
[Black "Tran, My Linh"]
[Result "1-0"]
[Termination "normal"]
[Board "2.4"]
[WhiteElo "2002"]
[BlackElo "2053"]
[WhiteClock "01:09:24"]
[BlackClock "00:28:36"]
[WhiteTeam "Bayern"]
[BlackTeam "Hessen 1"]
[PlyCount "53"]
[WhiteFideId "24615765"]
[BlackFideId "24682462"]
[EventCountry "GER"]
[EventRounds "7"]
[EventType "team-swiss"]
[EventDate "2014.10.02"]

1. d4 {[%clk 1:30:30]} Nf6 {[%clk 1:30:54]} 2. c4 {[%clk 1:31:25]} c5 {[%clk
1:31:21]} 3. d5 {[%clk 1:31:46]} b5 {[%clk 1:31:47]} 4. cxb5 {[%clk 1:32:12]}
a6 {[%clk 1:32:10]} 5. bxa6 {[%clk 1:32:38]} g6 {[%clk 1:32:35]} 6. Nc3 {[%clk
1:33:03]} Bxa6 {[%clk 1:32:58]} 7. e4 {[%clk 1:33:25]} Bxf1 {[%clk 1:33:23]} 8.
Kxf1 {[%clk 1:33:52]} d6 {[%clk 1:33:32]} 9. g3 {[%clk 1:34:17]} Bg7 {[%clk
1:33:47]} 10. Kg2 {[%clk 1:34:42]} Nfd7 {[%clk 1:29:42]} 11. Nf3 {[%clk
1:33:25]} O-O {[%clk 1:29:52]} 12. h4 {[%clk 1:32:06]} h5 {[%clk 1:26:29]} 13.
Bf4 {[%clk 1:29:36]} Qa5 {[%clk 1:11:59]} 14. Re1 {[%clk 1:21:44]} Nb6 {[%clk
0:53:49]} 15. e5 {[%clk 1:20:22]} Nc4 {[%clk 0:53:34]} 16. Qe2 {[%clk 1:19:55]}
Qb4 {[%clk 0:52:12]} 17. a3 {[%clk 1:17:05]} Qb3 {[%clk 0:52:25]} 18. Nd2
{[%clk 1:17:10]} Nxd2 {[%clk 0:51:40]} 19. Qxd2 {[%clk 1:17:21]} Ra6 {[%clk
0:50:06]} 20. Ne4 {[%clk 1:08:34]} Rd8 {[%clk 0:43:10]} 21. exd6 {[%clk
1:08:57]} exd6 {[%clk 0:43:38]} 22. Bg5 {[%clk 1:09:17]} Rc8 {[%clk 0:40:55]}
23. Nf6+ {[%clk 1:08:38]} Bxf6 {[%clk 0:36:39]} 24. Bxf6 {[%clk 1:09:00]} Nd7
{[%clk 0:36:24]} 25. Bc3 {[%clk 1:09:22]} f6 {[%clk 0:28:47]} 26. Qd3 {[%clk
1:09:24]} Kf7 {[%clk 0:28:36]} 27. Qxa6 1-0

[Event "Deutsche Ländermeisterschaft 2014"]
[Site "Hannover GER"]
[Date "2014.10.04"]
[Round "3"]
[White "Nothnagel, Marian Can"]
[Black "Oberhofer, Cédric"]
[Result "0-1"]
[Termination "normal"]
[Board "2.5"]
[WhiteElo "1827"]
[BlackElo "2041"]
[WhiteClock "00:08:01"]
[BlackClock "00:13:57"]
[WhiteTeam "Hessen 1"]
[BlackTeam "Bayern"]
[PlyCount "54"]
[WhiteFideId "12921530"]
[BlackFideId "12941220"]
[EventCountry "GER"]
[EventRounds "7"]
[EventType "team-swiss"]
[EventDate "2014.10.02"]

1. e4 {[%clk 1:30:30]} c5 {[%clk 1:30:57]} 2. Nf3 {[%clk 1:30:55]} d6 {[%clk
1:31:21]} 3. d4 {[%clk 1:31:21]} cxd4 {[%clk 1:31:47]} 4. Nxd4 {[%clk 1:31:47]}
Nf6 {[%clk 1:32:11]} 5. Nc3 {[%clk 1:32:14]} a6 {[%clk 1:32:34]} 6. Be3 {[%clk
1:32:09]} e5 {[%clk 1:32:18]} 7. Nb3 {[%clk 1:32:33]} Be7 {[%clk 1:31:35]} 8.
f3 {[%clk 1:32:30]} Be6 {[%clk 1:31:45]} 9. Qd2 {[%clk 1:32:54]} O-O {[%clk
1:31:12]} 10. O-O-O {[%clk 1:31:47]} b5 {[%clk 1:25:19]} 11. g4 {[%clk
1:24:15]} Nbd7 {[%clk 1:22:00]} 12. g5 {[%clk 1:24:37]} Nh5 {[%clk 1:21:55]}
13. Ne2 {[%clk 1:24:19]} Rc8 {[%clk 1:11:00]} 14. Ng3 {[%clk 1:16:44]} Nf4
{[%clk 1:10:35]} 15. h4 {[%clk 1:16:17]} Qc7 {[%clk 1:07:59]} 16. Bxf4 {[%clk
1:06:13]} exf4 {[%clk 1:08:17]} 17. Nf5 {[%clk 1:02:33]} Bxf5 {[%clk 1:05:56]}
18. exf5 {[%clk 1:02:43]} d5 {[%clk 0:51:01]} 19. Bd3 {[%clk 0:58:00]} Ne5
{[%clk 0:43:00]} 20. Qe2 {[%clk 0:47:30]} Rfe8 {[%clk 0:40:12]} 21. Qg2 {[%clk
0:34:58]} Nc4 {[%clk 0:34:49]} 22. Bxc4 {[%clk 0:32:50]} dxc4 {[%clk 0:32:40]}
23. Nd2 {[%clk 0:29:35]} c3 {[%clk 0:32:31]} 24. Ne4 {[%clk 0:28:51]} Qa5
{[%clk 0:25:52]} 25. Rd3 {[%clk 0:21:00]} Qxa2 {[%clk 0:21:10]} 26. bxc3 {[%clk
0:17:56]} Red8 {[%clk 0:19:37]} 27. Nf6+ {[%clk 0:08:01]} Bxf6 {[%clk 0:13:57]}
0-1

[Event "Deutsche Ländermeisterschaft 2014"]
[Site "Hannover GER"]
[Date "2014.10.04"]
[Round "3"]
[White "Schneider, Jana"]
[Black "Poetsch, Leonore"]
[Result "1/2-1/2"]
[Termination "normal"]
[Board "2.6"]
[WhiteElo "1803"]
[BlackElo "1541"]
[WhiteClock "00:05:29"]
[BlackClock "00:37:06"]
[WhiteTeam "Bayern"]
[BlackTeam "Hessen 1"]
[PlyCount "104"]
[WhiteFideId "12924997"]
[BlackFideId "12940372"]
[EventCountry "GER"]
[EventRounds "7"]
[EventType "team-swiss"]
[EventDate "2014.10.02"]

1. e4 {[%clk 1:30:56]} e6 {[%clk 1:30:55]} 2. d4 {[%clk 1:31:19]} d5 {[%clk
1:31:19]} 3. Nd2 {[%clk 1:31:39]} dxe4 {[%clk 1:31:36]} 4. Nxe4 {[%clk
1:31:57]} Nf6 {[%clk 1:31:43]} 5. Nxf6+ {[%clk 1:31:23]} Qxf6 {[%clk 1:32:02]}
6. Nf3 {[%clk 1:31:15]} Qd8 {[%clk 1:31:57]} 7. Bf4 {[%clk 1:30:00]} Nd7 {[%clk
1:31:26]} 8. c3 {[%clk 1:26:27]} Bd6 {[%clk 1:30:59]} 9. Bxd6 {[%clk 1:24:06]}
cxd6 {[%clk 1:31:25]} 10. Bd3 {[%clk 1:22:52]} Nf6 {[%clk 1:31:36]} 11. O-O
{[%clk 1:22:07]} O-O {[%clk 1:31:11]} 12. Ng5 {[%clk 1:15:07]} Bd7 {[%clk
1:30:35]} 13. Ne4 {[%clk 1:14:06]} Bc6 {[%clk 1:30:13]} 14. Nxf6+ {[%clk
1:12:48]} Qxf6 {[%clk 1:29:54]} 15. Qg4 {[%clk 1:11:36]} Rac8 {[%clk 1:28:02]}
16. Rfe1 {[%clk 1:10:09]} Rfe8 {[%clk 1:27:43]} 17. Re3 {[%clk 1:08:18]} g6
{[%clk 1:27:30]} 18. Rae1 {[%clk 1:08:01]} b5 {[%clk 1:24:33]} 19. Be4 {[%clk
1:01:28]} Bxe4 {[%clk 1:24:28]} 20. Qxe4 {[%clk 1:00:54]} a6 {[%clk 1:23:00]}
21. d5 {[%clk 0:53:28]} Rc4 {[%clk 1:21:48]} 22. Qd3 {[%clk 0:52:26]} e5 {[%clk
1:21:39]} 23. Rc1 {[%clk 0:47:08]} Rec8 {[%clk 1:21:05]} 24. b3 {[%clk
0:45:32]} R4c5 {[%clk 1:19:55]} 25. a4 {[%clk 0:36:07]} bxa4 {[%clk 1:18:24]}
26. bxa4 {[%clk 0:36:19]} Rc4 {[%clk 1:17:39]} 27. Re4 {[%clk 0:33:53]} Rxe4
{[%clk 1:17:31]} 28. Qxe4 {[%clk 0:34:17]} Qd8 {[%clk 1:17:22]} 29. Qb4 {[%clk
0:30:42]} Rb8 {[%clk 1:16:24]} 30. Qa3 {[%clk 0:28:00]} Qc7 {[%clk 1:14:09]}
31. g3 {[%clk 0:27:13]} f5 {[%clk 1:12:40]} 32. c4 {[%clk 0:27:13]} Rc8 {[%clk
1:09:45]} 33. Qb4 {[%clk 0:27:01]} a5 {[%clk 1:07:50]} 34. Qa3 {[%clk 0:25:49]}
Qc5 {[%clk 1:07:41]} 35. Qxc5 {[%clk 0:24:06]} Rxc5 {[%clk 1:07:38]} 36. Kf1
{[%clk 0:24:21]} Kf7 {[%clk 1:07:26]} 37. Ke2 {[%clk 0:24:38]} g5 {[%clk
1:06:08]} 38. Kd3 {[%clk 0:24:40]} f4 {[%clk 1:05:02]} 39. Rb1 {[%clk 0:23:49]}
Rc7 {[%clk 1:05:12]} 40. Rb5 {[%clk 0:23:16]} Ra7 {[%clk 1:05:31]} 41. c5
{[%clk 0:21:18]} dxc5 {[%clk 1:05:00]} 42. Rxc5 {[%clk 0:21:35]} fxg3 {[%clk
1:01:55]} 43. hxg3 {[%clk 0:21:26]} h5 {[%clk 0:59:13]} 44. Ke4 {[%clk
0:19:26]} h4 {[%clk 0:56:23]} 45. gxh4 {[%clk 0:19:09]} gxh4 {[%clk 0:56:47]}
46. Kf3 {[%clk 0:17:44]} Kf6 {[%clk 0:55:29]} 47. Kg4 {[%clk 0:16:26]} e4
{[%clk 0:52:33]} 48. Kxh4 {[%clk 0:14:49]} Ke5 {[%clk 0:52:09]} 49. Kh5 {[%clk
0:13:24]} Kd4 {[%clk 0:46:08]} 50. Rb5 {[%clk 0:13:35]} Rf7 {[%clk 0:39:45]}
51. Rb2 {[%clk 0:05:35]} Kxd5 {[%clk 0:39:28]} 52. Kg4 {[%clk 0:05:29]} Kd4
{[%clk 0:37:06]} 1/2-1/2

[Event "Deutsche Ländermeisterschaft 2014"]
[Site "Hannover GER"]
[Date "2014.10.04"]
[Round "3"]
[White "Stork, Oliver"]
[Black "Shen, Julian"]
[Result "1/2-1/2"]
[Termination "normal"]
[Board "2.7"]
[WhiteElo "1752"]
[BlackElo "1810"]
[WhiteClock "00:10:07"]
[BlackClock "00:19:52"]
[WhiteTeam "Hessen 1"]
[BlackTeam "Bayern"]
[PlyCount "51"]
[WhiteFideId "12955728"]
[BlackFideId "12942898"]
[EventCountry "GER"]
[EventRounds "7"]
[EventType "team-swiss"]
[EventDate "2014.10.02"]

1. c4 {[%clk 1:30:57]} e6 {[%clk 1:30:54]} 2. g3 {[%clk 1:31:17]} Nf6 {[%clk
1:31:15]} 3. Bg2 {[%clk 1:31:39]} d5 {[%clk 1:31:40]} 4. e3 {[%clk 1:31:36]}
Be7 {[%clk 1:31:54]} 5. Ne2 {[%clk 1:31:40]} O-O {[%clk 1:32:08]} 6. b3 {[%clk
1:29:12]} c6 {[%clk 1:31:44]} 7. Nbc3 {[%clk 1:27:50]} Nbd7 {[%clk 1:30:56]} 8.
O-O {[%clk 1:27:32]} b6 {[%clk 1:29:57]} 9. d3 {[%clk 1:23:27]} Bb7 {[%clk
1:28:47]} 10. Bb2 {[%clk 1:23:35]} Rc8 {[%clk 1:27:10]} 11. f4 {[%clk 1:20:26]}
Re8 {[%clk 1:21:26]} 12. Qd2 {[%clk 1:19:43]} Bd6 {[%clk 1:19:07]} 13. e4
{[%clk 1:09:48]} dxe4 {[%clk 1:11:49]} 14. dxe4 {[%clk 1:08:19]} Bc5+ {[%clk
1:08:20]} 15. Kh1 {[%clk 1:06:59]} e5 {[%clk 0:59:15]} 16. h3 {[%clk 0:51:20]}
Qe7 {[%clk 0:53:49]} 17. f5 {[%clk 0:47:04]} Nf8 {[%clk 0:47:04]} 18. Rad1
{[%clk 0:38:20]} Red8 {[%clk 0:44:59]} 19. Qc1 {[%clk 0:37:04]} Rxd1 {[%clk
0:43:40]} 20. Rxd1 {[%clk 0:37:07]} Rd8 {[%clk 0:43:59]} 21. Qc2 {[%clk
0:25:39]} Rxd1+ {[%clk 0:37:11]} 22. Qxd1 {[%clk 0:23:32]} Qd6 {[%clk 0:35:31]}
23. Bf3 {[%clk 0:15:02]} Ne8 {[%clk 0:28:37]} 24. Qc2 {[%clk 0:11:39]} Qh6
{[%clk 0:23:30]} 25. Kg2 {[%clk 0:11:23]} Qd6 {[%clk 0:19:52]} 26. Qd1 {[%clk
0:10:07]} 1/2-1/2

[Event "Deutsche Ländermeisterschaft 2014"]
[Site "Hannover GER"]
[Date "2014.10.04"]
[Round "3"]
[White "Alsheimer, Lea"]
[Black "Flach, Helene"]
[Result "1-0"]
[Termination "normal"]
[Board "2.8"]
[WhiteElo "1614"]
[BlackElo "1649"]
[WhiteClock "00:09:11"]
[BlackClock "00:05:12"]
[WhiteTeam "Bayern"]
[BlackTeam "Hessen 1"]
[PlyCount "65"]
[WhiteFideId "12918180"]
[BlackFideId "12929735"]
[EventCountry "GER"]
[EventRounds "7"]
[EventType "team-swiss"]
[EventDate "2014.10.02"]

1. d4 {[%clk 1:30:54]} d5 {[%clk 1:30:53]} 2. Nf3 {[%clk 1:31:19]} c5 {[%clk
1:30:49]} 3. e3 {[%clk 1:31:34]} e6 {[%clk 1:31:07]} 4. b3 {[%clk 1:31:46]} Nf6
{[%clk 1:31:26]} 5. Bd3 {[%clk 1:31:48]} Nc6 {[%clk 1:31:44]} 6. Bb2 {[%clk
1:32:02]} Bd6 {[%clk 1:31:23]} 7. Nbd2 {[%clk 1:32:06]} a6 {[%clk 1:30:58]} 8.
O-O {[%clk 1:31:13]} O-O {[%clk 1:31:12]} 9. Ne5 {[%clk 1:31:07]} Qc7 {[%clk
1:25:26]} 10. f4 {[%clk 1:30:33]} Nd7 {[%clk 1:15:40]} 11. Qh5 {[%clk 1:13:18]}
f5 {[%clk 1:14:07]} 12. g4 {[%clk 1:08:43]} Nf6 {[%clk 1:10:08]} 13. Qh3 {[%clk
1:05:27]} Bxe5 {[%clk 1:06:17]} 14. fxe5 {[%clk 0:56:18]} Nxg4 {[%clk 1:06:07]}
15. Be2 {[%clk 0:55:09]} Nh6 {[%clk 1:05:18]} 16. dxc5 {[%clk 0:49:00]} Qa5
{[%clk 0:58:57]} 17. Nb1 {[%clk 0:46:19]} Qd8 {[%clk 0:50:04]} 18. Kh1 {[%clk
0:45:33]} Ne7 {[%clk 0:42:23]} 19. Rg1 {[%clk 0:45:18]} Ng6 {[%clk 0:39:47]}
20. Bh5 {[%clk 0:44:19]} Qh4 {[%clk 0:38:41]} 21. Qf3 {[%clk 0:36:39]} Ne7
{[%clk 0:35:13]} 22. Nd2 {[%clk 0:31:23]} Qb4 {[%clk 0:31:56]} 23. Qg2 {[%clk
0:30:40]} g6 {[%clk 0:27:45]} 24. a4 {[%clk 0:28:06]} Nf7 {[%clk 0:21:33]} 25.
Nf3 {[%clk 0:22:21]} Qe4 {[%clk 0:14:22]} 26. c6 {[%clk 0:20:21]} Nh8 {[%clk
0:10:47]} 27. Ba3 {[%clk 0:18:20]} Rf7 {[%clk 0:09:27]} 28. c7 {[%clk 0:16:14]}
Nc6 {[%clk 0:08:02]} 29. Bd6 {[%clk 0:14:31]} Rg7 {[%clk 0:07:27]} 30. Qg5
{[%clk 0:13:06]} Nf7 {[%clk 0:06:11]} 31. Qf6 {[%clk 0:10:00]} Bd7 {[%clk
0:06:25]} 32. Raf1 {[%clk 0:09:32]} Rc8 {[%clk 0:05:12]} 33. Bxg6 {[%clk
0:09:11]} 1-0

[Event "Deutsche Ländermeisterschaft 2014"]
[Site "Hannover GER"]
[Date "2014.10.04"]
[Round "3"]
[White "Krause, Benedict"]
[Black "Noe, Christopher"]
[Result "0-1"]
[Termination "normal"]
[Board "3.1"]
[BlackTitle "FM"]
[WhiteElo "2339"]
[BlackElo "2330"]
[WhiteClock "00:01:32"]
[BlackClock "00:14:37"]
[WhiteTeam "Schleswig-Holstein"]
[BlackTeam "Baden 1"]
[PlyCount "66"]
[WhiteFideId "12917990"]
[BlackFideId "24692018"]
[EventCountry "GER"]
[EventRounds "7"]
[EventType "team-swiss"]
[EventDate "2014.10.02"]

1. e4 {[%clk 1:30:57]} c5 {[%clk 1:30:49]} 2. Nf3 {[%clk 1:31:22]} e6 {[%clk
1:30:35]} 3. d4 {[%clk 1:31:47]} cxd4 {[%clk 1:31:00]} 4. Nxd4 {[%clk 1:32:11]}
a6 {[%clk 1:31:08]} 5. Nc3 {[%clk 1:32:35]} d6 {[%clk 1:30:57]} 6. g4 {[%clk
1:32:10]} b5 {[%clk 1:27:43]} 7. a3 {[%clk 1:29:37]} Bb7 {[%clk 1:27:31]} 8.
Be3 {[%clk 1:26:47]} Nf6 {[%clk 1:20:14]} 9. Bg2 {[%clk 1:23:56]} Be7 {[%clk
1:19:40]} 10. g5 {[%clk 1:19:33]} Nfd7 {[%clk 1:19:28]} 11. f4 {[%clk 1:16:49]}
Nc6 {[%clk 1:16:19]} 12. Nxc6 {[%clk 1:11:37]} Bxc6 {[%clk 1:16:44]} 13. O-O
{[%clk 1:10:48]} Rc8 {[%clk 1:09:59]} 14. Rf3 {[%clk 0:58:48]} e5 {[%clk
0:59:18]} 15. f5 {[%clk 0:37:41]} Bxg5 {[%clk 0:56:00]} 16. Qxd6 {[%clk
0:36:12]} Bxe3+ {[%clk 0:45:55]} 17. Rxe3 {[%clk 0:35:22]} Qe7 {[%clk 0:45:17]}
18. Qd2 {[%clk 0:33:27]} O-O {[%clk 0:41:16]} 19. Rg3 {[%clk 0:32:38]} Kh8
{[%clk 0:40:09]} 20. Kh1 {[%clk 0:27:09]} Nf6 {[%clk 0:39:27]} 21. Qg5 {[%clk
0:26:48]} Rg8 {[%clk 0:39:34]} 22. Rg1 {[%clk 0:24:24]} a5 {[%clk 0:35:04]} 23.
Rh3 {[%clk 0:22:09]} Qc5 {[%clk 0:26:00]} 24. Nd1 {[%clk 0:17:32]} Qxc2 {[%clk
0:21:35]} 25. Ne3 {[%clk 0:17:50]} Qd2 {[%clk 0:20:56]} 26. Rd1 {[%clk
0:17:01]} Qxb2 {[%clk 0:18:25]} 27. Bf3 {[%clk 0:10:35]} Rcd8 {[%clk 0:15:52]}
28. Rg1 {[%clk 0:07:44]} Rd3 {[%clk 0:14:39]} 29. Rh6 {[%clk 0:04:21]} Qf2
{[%clk 0:13:45]} 30. Rxf6 {[%clk 0:01:35]} Qxf3+ {[%clk 0:14:06]} 31. Ng2
{[%clk 0:01:20]} gxf6 {[%clk 0:14:17]} 32. Qxf6+ {[%clk 0:01:46]} Rg7 {[%clk
0:14:40]} 33. Qxe5 {[%clk 0:01:32]} Qxg2+ {[%clk 0:14:37]} 0-1